Clic Films avec Jésus depuis 1898 - Statistiques

Statistiques générales
  • Ce quiz a été pris 31 fois
  • Le résultat moyen est 18 sur 32
Statistiques - réponses
Hint Extra Hint Explanation Réponse % Correct
La Passion du *** 2004 Mel Gibson Christ
95%
La Plus Grande Histoire jamais *** 1965 George Stevens contée
91%
L'Âge d'*** 1930 Luis Buñuel or
86%
Jesus Christ *** 1973 Norman Jewison Superstar
86%
La Voie *** 1969 Luis Buñuel lactée
82%
Marie *** 2018 Garth Davis Madeleine
82%
L'Évangile selon saint *** 1964 Pier Paolo Pasolini Matthieu
82%
Le Christ marchant sur les *** 1899 Georges Méliès flots
73%
La *** Histoire du monde 1981 Mel Brooks Folle
73%
Il était une fois *** 2000 Derek Hayes et Stanislav Sokolov Jésus
73%
La ***, la Vie et la Mort du Christ 1906 Alice Guy et Victorin Jasset Naissance
73%
La *** du Christ 2016 Kevin Reynolds Résurrection
73%
Le Roi des *** 1927 Cecil B. DeMille rois
73%
Le **** de Judas 1909 Armand Bour et André Calmettes Baiser
68%
Le Baiser de *** 1954 Rafael Gil Judas
68%
De la *** à la croix 1912 Robert Henderson-Bland crèche
59%
Le Fils de l'*** 1954 Virgilio Sabel homme
59%
*** 1959 William Wyler Ben-Hur
50%
*** arrachées au livre de Satan 1921 Carl Theodor Dreyer Pages
50%
La *** et la Passion de Jésus-Christ 1898 Georges Hatot Vie
50%
La Dernière *** du Christ 1988 Martin Scorsese Tentation
45%
L'*** de Jérusalem 1927 Julien Duvivier Agonie
41%
Monty Python : La Vie de *** 1979 Terry Jones Brian
41%
Le Dernier *** 1914 Lorimer Johnston Dîner
41%
Le *** 1975 Roberto Rossellini Messie
41%
*** 1961 Richard Fleischer Barabbas
36%
Le Martyr du *** 1952 Miguel Morayta calvaire
27%
*** de Judas 2015 Rabah Ameur-Zaïmeche Histoire
27%
La *** 1963 Pier Paolo Pasolini ricotta
14%
La *** 1953 Henry Koster Tunique
14%
*** 1916 D. W. Griffith Intolerance
5%
*** de Nazareth 1995 Jean Delannoy Marie
0%
Aucun quiz correspondant
Distribution des résultats
% des personnes avec chaque résultat
Percentile par nombre de réponses
Votre historique - résultats
Vous n’avez pas pris ce quiz